Finnish Eurovision Acts by Picture - Statistics

General Stats
  • This quiz has been taken 5 times
  • The average score is 28 of 60
Answer Stats
Picture Hint Answer % Correct
Eurovision Song Contest 2021 – “Dark Side” Blind Channel
100%
Eurovision Song Contest 2025 – “Ich komme” Erika Vikman
100%
Eurovision Song Contest 2023 – “Cha Cha Cha” Käärijä
100%
Eurovision Song Contest 1993 – “Tule luo” Katri Helena
100%
Eurovision Song Contest 2026 – “Liekinheitin” Linda Lampenius feat. Pete Parkkonen
100%
Eurovision Song Contest 2006 – “Hard Rock Hallelujah” Lordi
100%
Eurovision Song Contest 2022 – “Jezebel” The Rasmus
100%
Eurovision Song Contest 2024 – “No Rules!” Windows95man
100%
Eurovision Song Contest 2020 – “Looking Back” Aksel
75%
Eurovision Song Contest 2019 – “Look Away” Darude feat. Sebastian Rejman
75%
Eurovision Song Contest 1979 – “Katson sineen taivaan” Katri Helena
75%
Eurovision Song Contest 2015 – “Aina mun pitää” Pertti Kurikan Nimipäivät
75%
Eurovision Song Contest 2018 – “Monsters” Saara Aalto
75%
Eurovision Song Contest 2008 – “Missä miehet ratsastaa” Teräsbetoni
75%
Eurovision Song Contest 1980 – “Huilumies” Vesa-Matti Loiri
75%
Eurovision Song Contest 1987 – “Sata salamaa” Vicky Rosti
75%
Eurovision Song Contest 1976 – “Pump-Pump” Fredi & the Friends
50%
Eurovision Song Contest 2007 – “Leave Me Alone” Hanna Pakarinen
50%
Eurovision Song Contest 2004 – “Takes 2 to Tango” Jari Sillanpää
50%
Eurovision Song Contest 1984 – “Hengaillaan” Kirka
50%
Eurovision Song Contest 1982 – “Nuku pommiin” Kojo
50%
Eurovision Song Contest 2013 – “Marry Me” Krista Siegfrids
50%
Eurovision Song Contest 1964 – “Laiskotellen” Lasse Mårtenson
50%
Eurovision Song Contest 1962 – “Tipi-tii” Marion Rung
50%
Eurovision Song Contest 1973 – “Tom Tom Tom” Marion Rung
50%
Eurovision Song Contest 2017 – “Blackbird” Norma John
50%
Eurovision Song Contest 1975 – “Old Man Fiddle” Pihasoittajat
50%
Eurovision Song Contest 2014 – “Something Better” Softengine
50%
Eurovision Song Contest 1983 – “Fantasiaa” Ami Aspelund
25%
Eurovision Song Contest 1966 – “Playboy” Ann-Christine
25%
Eurovision Song Contest 1989 – “La dolce vita” Anneli Saaristo
25%
Eurovision Song Contest 1990 – “Fri?” Beat
25%
Eurovision Song Contest 1988 – “Nauravat silmät muistetaan” Boulevard
25%
Eurovision Song Contest 1974 – “Keep Me Warm” Carita
25%
Eurovision Song Contest 1994 – “Bye Bye Baby” CatCat
25%
Eurovision Song Contest 1998 – “Aava” Edea
25%
Eurovision Song Contest 1967 – “Varjoon – suojaan” Fredi
25%
Eurovision Song Contest 2005 – “Why?” Geir Rönning
25%
Eurovision Song Contest 1969 – “Kuin silloin ennen” Jarkko & Laura
25%
Eurovision Song Contest 1996 – “Niin kaunis on taivas” Jasmine
25%
Eurovision Song Contest 1991 – “Hullu yö” Kaija
25%
Eurovision Song Contest 1986 – “Never the End” Kari
25%
Eurovision Song Contest 1968 – “Kun kello käy” Kristina Hautala
25%
Eurovision Song Contest 2010 – “Työlki ellää” Kuunkuiskaajat
25%
Eurovision Song Contest 1963 – “Muistojeni laulu” Laila Halme
25%
Eurovision Song Contest 1961 – “Valoa ikkunassa” Laila Kinnunen
25%
Eurovision Song Contest 2002 – “Addicted to You” Laura
25%
Eurovision Song Contest 1971 – “Tie uuteen päivään” Markku Aro & Koivisto Sisters
25%
Eurovision Song Contest 1977 – “Lapponia” Monica Aspelund
25%
Eurovision Song Contest 2000 – “A Little Bit” Nina Åström
25%
Eurovision Song Contest 1972 – “Muistathan” Päivi Paunu & Kim Floor
25%
Eurovision Song Contest 2011 – “Da Da Dam” Paradise Oskar
25%
Eurovision Song Contest 1992 – “Yamma Yamma” Pave
25%
Eurovision Song Contest 2012 – “När jag blundar” Pernilla
25%
Eurovision Song Contest 1981 – “Reggae O.K.” Riki Sorsa
25%
Eurovision Song Contest 2016 – “Sing It Away” Sandhja
25%
Eurovision Song Contest 1978 – “Anna rakkaudelle tilaisuus” Seija Simola
25%
Eurovision Song Contest 1985 – “Eläköön elämä” Sonja Lumme
25%
Eurovision Song Contest 1965 – “Aurinko laskee länteen” Viktor Klimenko
25%
Eurovision Song Contest 2009 – “Lose Control” Waldo's People
25%
No matching quizzes found
Score Distribution
Percent of People with Each Score
Percentile by Number Answered
Your Score History
You have not taken this quiz